Psychosocial predictors of suicidal ideation among adolescent students (Record no. 128083)

MARC details
000 -LEADER
fixed length control field 00367nam a2200145Ia 4500
008 - FIXED-LENGTH DATA ELEMENTS--GENERAL INFORMATION
fixed length control field 230917s9999||||xx |||||||||||||| ||und||
040 ## - CATALOGING SOURCE
-- 249293
Original cataloging agency VIVEKANANDA LIBRARY
041 ## - Language
-- English
082 ## - DDC NUMBER
Classification number 155.5 S69P
100 ## - MAIN ENTRY--PERSONAL NAME
Personal name Sapna Rani
245 #0 - TITLE STATEMENT
Title Psychosocial predictors of suicidal ideation among adolescent students
260 ## - PUBLICATION, DISTRIBUTION, ETC. (IMPRINT)
Date of publication, distribution, etc 2017
300 ## - PHYSICAL DESCRIPTION
Pages 186 p.
942 ## - ADDED ENTRY ELEMENTS (KOHA)
Koha item type Thesis
Holdings
Withdrawn status Lost status Damaged status Not for loan Location (home branch) Sublocation or collection (holding branch) Date acquired Koha issues (times borrowed) Koha full call number Accession No. Koha date last seen Koha item type
        VIVEKANANDA LIBRARY VIVEKANANDA LIBRARY 02/08/2018   155.5 S69P 223902 17/09/2023 Thesis
© Designed and Maintained by Vivekananda Library, MDU Rohtak